Normal view
MARC view
- Robert L. Daugherty
Entry Personal Name
001 - CONTROL NUMBER
- control field: 125675
003 - CONTROL NUMBER IDENTIFIER
- control field: NUST
005 - DATE AND TIME OF LATEST TRANSACTION
- control field: 20240904171807.0
008 - FIXED-LENGTH DATA ELEMENTS
- fixed length control field: 240904|| aca||aabn | a|a d
040 ## - CATALOGING SOURCE
- Original cataloging agency: NUST
- Transcribing agency: NUST
100 ## - HEADING--PERSONAL NAME
- Personal name: Robert L. Daugherty
670 ## - SOURCE DATA FOUND
- Source citation: Work cat.: (NUST): Robert L. Daugherty, Fluid Mechanics with Engineering Applications, 1989.
